|
|
|
|
| LEADER |
00816nas a2200193 i 4500 |
| 001 |
acta49856 |
| 005 |
20260224081030.0 |
| 008 |
171205s2017 hu o 000 hun d |
| 020 |
|
|
|a 1417 3875
|
| 040 |
|
|
|a SZTE Egyetemi Kiadványok Repozitórium
|b hun
|
| 041 |
|
|
|a hun
|
| 100 |
1 |
|
|a Budzinskiy Stanislav S.
|
| 245 |
1 |
0 |
|a Normal form of O(2) Hopf bifurcation in a model of a nonlinear optical system with diffraction and delay
|h [elektronikus dokumentum] /
|c Budzinskiy Stanislav S.
|
| 260 |
|
|
|c 2017
|
| 300 |
|
|
|a 1-12
|
| 490 |
0 |
|
|a Electronic journal of qualitative theory of differential equations
|
| 695 |
|
|
|a Differenciálegyenlet, Matematikai modell, Bifurkációelmélet, Matematika
|
| 700 |
0 |
1 |
|a Razgulin Alexander V.
|e aut
|
| 856 |
4 |
0 |
|u http://acta.bibl.u-szeged.hu/49856/1/ejqtde_2017_050_001-012.pdf
|z Dokumentum-elérés
|